Develop your reading skills: Comprehention and Translation Practice; Обучение чтению и переводу (английский язык): учебное пособие

Dades bibliogràfiques
Autor principal: Сиполс О. В. Ольга Вильновна
Sumari:Основной целью пособия является развитие и совершенствование навыков чтения и понимания оригинальных текстов на английском языке. Первая часть пособия посвящена формированию у учащихся навыков узнавания в тексте лексических единиц и грамматических структур и перевода их на русский язык, во второй представлены обучающие тесты, которые предназначены для развития и контроля навыков беспереводного чтения и понимания текста. Для студентов, аспирантов и преподавателей высших учебных заведений, а также всех изучающих английский язык.
Idioma:rus
anglès
Publicat: Москва, Флинта, 2007
Matèries:
Format: Llibre
KOHA link:https://koha.lib.tpu.ru/cgi-bin/koha/opac-detail.pl?biblionumber=97127

MARC

LEADER 00000nam0a2200000 4500
001 97127
005 20231101214117.0
010 |a 9785893499537 
010 |a 978-5-02-034696-3 
035 |a (RuTPU)RU\TPU\book\104107 
090 |a 97127 
100 |a 20060523d2007 m y0rusy50 ca 
101 0 |a rus  |a eng 
102 |a RU 
105 |a y j 001zy 
200 1 |a Develop your reading skills: Comprehention and Translation Practice  |a Обучение чтению и переводу (английский язык)  |e учебное пособие  |f О. В. Сиполс 
210 |a Москва  |c Флинта  |c Наука  |d 2007 
215 |a 376 с. 
320 |a Глоссарий: с. 362-369. 
320 |a Библиография: с. 370-372. 
330 |a Основной целью пособия является развитие и совершенствование навыков чтения и понимания оригинальных текстов на английском языке. Первая часть пособия посвящена формированию у учащихся навыков узнавания в тексте лексических единиц и грамматических структур и перевода их на русский язык, во второй представлены обучающие тесты, которые предназначены для развития и контроля навыков беспереводного чтения и понимания текста. Для студентов, аспирантов и преподавателей высших учебных заведений, а также всех изучающих английский язык. 
606 1 |a Английский язык  |x Учебные руководства и пособия  |x Пособия по развитию речи, разговорники  |2 stltpush  |3 (RuTPU)RU\TPU\subj\29074  |9 52486 
610 1 |a лексика 
610 1 |a грамматика 
610 1 |a аудирование 
610 1 |a чтение 
610 1 |a переводы 
610 1 |a упражнения 
686 |a Ш143.21-923.4  |v LBC/SL-A  |2 rubbk 
686 |a Ш143.21-923.7  |v LBC/SL-A  |2 rubbk 
700 1 |a Сиполс  |b О. В.  |g Ольга Вильновна 
801 1 |a RU  |b 63413507  |c 20060523  |g PSBO 
801 2 |a RU  |b 63413507  |c 20140303  |g PSBO 
942 |c BK 
959 |a 35/20060519  |d 1  |e 0  |f ЧЗИЛ:1 
959 |a 27/20080305  |d 1  |e 0  |f ЧЗИЛ:1